Kapitalistický menový systém a jeho vplyv na ekonomiku ČSSR
Uložené v:
| Hlavný autor: | |
|---|---|
| Ďalší autori: | , |
| Médium: | Kniha |
| Jazyk: | Slovak |
| Vydavateľské údaje: |
Bratislava
VŠE
1985
|
| Tagy: |
Žiadne tagy, Buďte prvý, kto otaguje tento záznam!
|
MARC
| LEADER | 00000nam a2200000 4500 | ||
|---|---|---|---|
| 001 | c034125 | ||
| 005 | 20260326072447.9 | ||
| 041 | 0 | |a slo | |
| 044 | |a SK | ||
| 245 | 1 | 0 | |a Kapitalistický menový systém a jeho vplyv na ekonomiku ČSSR |c Štefan Torma, Edmund Fifek, Juraj Sipko |
| 264 | 1 | |a Bratislava |b VŠE |c 1985 | |
| 300 | |a 94 s. | ||
| 100 | 1 | |a Torma, Štefan | |
| 700 | 1 | |a Fifek, Edmund | |
| 700 | 1 | |a Sipko, Juraj | |